000
00211 a2200097 4500
001
2015
100
_a
Gibson, A H
245
_a
Hydraulics and its applications.
260
_a
_b
Conotakle
_c
090
_c
1490
_d
1490
942
_a
NUST-CAE
_c
M
_c
5447
999
_c
237088
_d
237088